| 000 | 00570nam a2200217Ia 4500 | ||
|---|---|---|---|
| 008 | 160803s9999 xx 000 0 und d | ||
| 020 | _a0 590463802 | ||
| 100 | _aHenkes, Kevin | ||
| 245 | _aJessica / | ||
| 245 | _cby Kevin Henkes. | ||
| 260 | _aNew York : | ||
| 260 | _bScholastic Inc. | ||
| 260 | _c1989 | ||
| 300 | _a22 unnumbered pages : | ||
| 300 | _bcolor illustrations ; | ||
| 300 | _c23 cm | ||
| 500 | _aOriginally published: William Morrow & Company, Inc., c1989. | ||
| 650 | _aImaginary playmates -- | ||
| 650 | _xFiction. | ||
| 700 | _a590 | ||
| 999 |
_c299491 _d299491 |
||